Kraje w których Polacy są mniejszością narodową - Statystyki

Ogólne statystyki
  • Ten quiz został rozwiązany 206 razy
  • Średni wynik to 8 z 10
Statystyki odpowiedzi
liczba Polaków kraj % Poprawnych
73 001 (2002) Rosja
97%
144 130 (2001) Ukraina
95%
52 277 (2021) Czechy
94%
183 421 (2021) Litwa
94%
294 549 (2009) Białoruś
91%
4 602 (2008) Słowacja
91%
37 968 (2020) Łotwa
82%
1 664 (2011) Estonia
75%
3 559 (2002) Rumunia
59%
4 174 (2004) Mołdawia
48%
Nie znaleziono quizów pasujących do podanych kryteriów
Rozkład punktacji
Procent ludzi z każdym wynikiem
Percentyl według liczby udzielonych odpowiedzi
Twoja historia wyników
Nie rozwiązałeś tego quizu